000 00442cam a2200169ua 4500
041 _aeng
_h
082 _a821
_bTEN/PO
100 _aTennyson, Alfred.
245 _aPoems, Vol 2 /
_cAlfred Tennyson.
_hTextual Documents
260 _aLondon :
_bJ M Dent and Sons Ltd ,
_c1949.
300 _a456 ; .
440 0 _aEveryman`s Library,
_v626
_x;
490 0 _aEveryman`s Library,
_v626
_x;
504 _a
942 _cBK
999 _c6028
_d6028